000 01039aam a2200325 i 4500
999 _c174647
_d174647
001 vtls000876774
003 PNM
005 20191117120842.0
008 190514t20191988my g o000 f may
015 _aM191-01874
020 _z9789836205520
_qpaperback
_cRM35.00
039 9 _a201907080955
_bsiti
_c201905280916
_dkalthom
_c201905151253
_dmanoriah
_c201905141049
_dain
040 _aBNM
_beng
_cBNM
_erda
_dPPAK
049 _amal
082 0 4 _a899.2333
_223
090 0 0 _a899.2333
_bZAH
_dG
100 0 _aZaharah Nawawi,
_d1940-
_eauthor.
245 1 0 _aPANGLIMA SALLEH SELEMPANG MERAH /
_cZAHARAH NAWAWI
264 1 _aKuala Lumpur :
_bDewan Bahasa dan Pustaka,
_c[2019?]
264 4 _c©1988
300 _axv, 521 pages ;
_c20 cm
336 _atext
_2rdacontent
337 _aunmediated
_2rdamedia
338 _avolume
_2rdacarrier
586 _aZAHARAH NAWAWI PENERIMA S.E.A. WRITE AWARD 1996
650 1 0 _aHistorical fiction, Malay
650 2 0 _aMalay fiction
650 2 0 _aGovernment publications
_zMalaysia
942 _2ddc
_cB